000 00384 a2200157 4500
001 46983
020 _a9788572383004
040 _cAnchieta - Aquarius
100 _aAngelles,Jean
240 1 0 _aPortugal-Brasil-aventura do descobrimento
_lpor
245 1 0 _aPortugal-Brasil-aventura do descobrimento
300 _a
362 0 _a2009
650 4 _aLiteratura infantil
942 _cBK
999 _c46983
_d46983